Crackdown on faulty home electrics (Record no. 70308)

MARC details
000 -LEADER
fixed length control field 01151cam a2200205 4500
001 - CONTROL NUMBER
control field WB3819-12
008 - FIXED-LENGTH DATA ELEMENTS--GENERAL INFORMATION
fixed length control field 020521n2002 000 0 eng u
035 ## - SYSTEM CONTROL NUMBER
System control number (Sirsi) u118069
245 ## - TITLE STATEMENT
Title Crackdown on faulty home electrics
260 ## - PUBLICATION, DISTRIBUTION, ETC.
Date of publication, distribution, etc. 2002
490 ## - SERIES STATEMENT
Series statement DTLR News Release
Volume/sequential designation (214) 21 May 2002, (3)
520 ## - SUMMARY, ETC.
Summary, etc. Government proposes to bring electrical safety within the controls of the Building Regulations to stop the increased risk of electrical accidents in the home caused by faulty installations. The consultation paper, "Proposals for new safety requirements for electrical installation work in dwellings" will bring England and Wales in line with Scotland where Building Regulations already tackle electrical safety issues. Responses required by 13 September 2002. Consultation paper available at http://www.safety.dtlr.gov.uk/bregs/consult/electric/index.htm. http://www.press.dtlr.gov.uk/pns/DisplayPN.cgi?pn_id=2002_0214
590 ## - LOCAL NOTE (RLIN)
Local note WB
650 ## - SUBJECT ADDED ENTRY--TOPICAL TERM
Topical term or geographic name entry element BUILDING REGULATIONS
9 (RLIN) 6224
650 ## - SUBJECT ADDED ENTRY--TOPICAL TERM
Topical term or geographic name entry element ELECTRICAL INSTALLATIONS
650 ## - SUBJECT ADDED ENTRY--TOPICAL TERM
Topical term or geographic name entry element ELECTRICAL SAFETY
650 ## - SUBJECT ADDED ENTRY--TOPICAL TERM
Topical term or geographic name entry element DWELLINGS
690 ## - LOCAL SUBJECT ADDED ENTRY--TOPICAL TERM (OCLC, RLIN)
Topical term or geographic name as entry element HEALTH AND SAFETY
9 (RLIN) 6244
942 ## - ADDED ENTRY ELEMENTS (KOHA)
Suppress in OPAC 0
Holdings
Withdrawn status Lost status Source of classification or shelving scheme Damaged status Not for loan Home library Current library Shelving location Date acquired Total Checkouts Full call number Barcode Date last seen Copy number Price effective from Koha item type
    Dewey Decimal Classification     London London News article 21/05/2002   WB3819-12 118069-1001 06/08/2019 1 06/08/2019 News article